00202nam a22000617a 4500008004100000020001400041245008500055140507b xxu||||| |||| 00| 0 eng d cAvailable aThe Dynamics of Mass communication: Media in the Digital Age, cDominick, Joseph